| 000 | 01634cam a2200349 a 4500 | ||
|---|---|---|---|
| 005 | 20090403072145.0 | ||
| 008 | 080826s2008 ii a b 010 0 eng | ||
| 010 | _aENG-95526 | ||
| 020 |
_a9780198063483 _c295.00 |
||
| 020 | _a0198063482 | ||
| 035 | _aEN-79059 | ||
| 037 | _bDBAD/PUB | ||
| 040 | _aDPL | ||
| 245 |
_aClaiming power from below : _bdalits and the subaltern question in India / _cedited by Manu Bhagavan and Anne Feldhaus. |
||
| 260 |
_aNew Delhi : _bOxford University Press, _c2009 |
||
| 300 |
_ax, 222 p. : _bill. ; _c23 cm.(Pbk) |
||
| 500 | _aCompanion volume of Speaking truth to power. | ||
| 500 | _a"Published writing of Eleanor Zelliot"--p. [211]-222. | ||
| 504 | _aIncludes bibliographical references. | ||
| 520 | _aOn the political ideologies of Dalits and their literature; contributed articles honoring the memory of Eleanor Zelliot, b.1926. | ||
| 650 |
_aDalits _zIndia. |
||
| 650 |
_aIndic literature _xDalit authors _xHistory and criticism. |
||
| 700 |
_aBhagavan, Manu Belur, _d1970- |
||
| 700 | _aFeldhaus, Anne. | ||
| 700 |
_aZelliot, Eleanor, _d1926- |
||
| 856 |
_3Publisher description _uhttp://www.loc.gov/catdir/enhancements/fy0907/2008331618-d.html |
||
| 856 |
_3Table of contents only _uhttp://www.loc.gov/catdir/enhancements/fy0907/2008331618-t.html |
||
| 856 |
_3Contributor biographical information _uhttp://www.loc.gov/catdir/enhancements/fy0907/2008331618-b.html |
||
| 942 |
_2ddc _cEN _mCLA |
||
| 999 |
_c31991 _d31991 |
||